Engineering physics / (Record no. 146983)
[ view plain ]
| 000 -LEADER | |
|---|---|
| fixed length control field | 00635nam a22002057a 4500 |
| 005 - DATE AND TIME OF LATEST TRANSACTION | |
| control field | 20171030114613.0 |
| 010 ## - LCCN (DPL NO) | |
| LC control number | ENG-121097 |
| 020 ## - INTERNATIONAL STANDARD BOOK NUMBER | |
| International Standard Book Number | 9789350970324 |
| Terms of availability | 270.00 |
| 035 ## - SYSTEM CONTROL NUMBER | |
| System control number | EN-104629 |
| 037 ## - SOURCE OF ACQUISITION | |
| Source of stock number/acquisition | DBAD/PUB |
| 082 ## - DEWEY DECIMAL CLASSIFICATION NUMBER | |
| Classification number | 530.2462 |
| 100 ## - MAIN ENTRY--PERSONAL NAME | |
| Personal name | Rao, P. Sreenivasa |
| 245 ## - TITLE STATEMENT | |
| Title | Engineering physics / |
| Statement of responsibility, etc | by P. Sreenivasa Rao [and] K. Muralidhar |
| 260 ## - PUBLICATION, DISTRIBUTION, ETC. (IMPRINT) | |
| Place of publication, distribution, etc | New Delhi |
| Name of publisher, distributor, etc | Manas Publications |
| Date of publication, distribution, etc | 2013 |
| 270 ## - ADDRESS | |
| Address | 4402/5-A, Ansari Road (Opp HDFC Bank) |
| City | New Delhi |
| Postal code | 110002 |
| 300 ## - PHYSICAL DESCRIPTION | |
| Extent | vol.-1 (229p.) |
| Dimensions | 23cm(Hb) |
| Other physical details | ill. |
| 500 ## - GENERAL NOTE | |
| General note | Includes index |
| 700 ## - ADDED ENTRY--PERSONAL NAME | |
| Personal name | K. Muralidhar |
| 942 ## - ADDED ENTRY ELEMENTS (KOHA) | |
| Source of classification or shelving scheme | Dewey Decimal Classification |
| Item type | English Books |
| Classification part | 530.2462 |
| Call number suffix | RAO |
| Withdrawn status | Lost status | Materials specified (bound volume or other part) | Not for loan | Collection code | Home library | Current library | Date acquired | Source of acquisition | Cost, normal purchase price | Full call number | Barcode | Copy number | Cost, replacement price | Koha item type |
|---|---|---|---|---|---|---|---|---|---|---|---|---|---|---|
| vol.-1 | Non-fiction | Patel Nagar | Patel Nagar | 30/10/2017 | DBAD/PUB | 270.00 | 530.2462 RAO | EN-104629 | 1 | 270.00 | English Books |
